Online katalóg knižníc regiónu Turca

Tiene trónu habsburského (Record no. 22435)

MARC details
000 -LEADER
fixed length control field 01526nam a2200469 a 4500
001 - CONTROL NUMBER
control field 22435
003 - CONTROL NUMBER IDENTIFIER
control field SK-KTurca
005 - DATE AND TIME OF LATEST TRANSACTION
control field 20260328112944.0
008 - FIXED-LENGTH DATA ELEMENTS--GENERAL INFORMATION
fixed length control field 240318s1996 xo r slo
015 ## - NATIONAL BIBLIOGRAPHY NUMBER
National bibliography number SNBA1997/0300743
020 ## - INTERNATIONAL STANDARD BOOK NUMBER
International Standard Book Number 9788071183006
Qualifying information (viazané)
035 ## - SYSTEM CONTROL NUMBER
System control number SNK000165575
035 ## - SYSTEM CONTROL NUMBER
System control number urn:nbn:sk:snk-amkff6
035 ## - SYSTEM CONTROL NUMBER
System control number urn:nbn:sk:snk-am003t6w
035 ## - SYSTEM CONTROL NUMBER
System control number DCD43FF5-263F-4139-81E7-9133E112DEAD
040 ## - CATALOGING SOURCE
Original cataloging agency SNK
Language of cataloging slo
Transcribing agency SNK
Description conventions AACR2
041 0# - LANGUAGE CODE
Language code of text/sound track or separate title slo
044 ## - COUNTRY OF PUBLISHING/PRODUCING ENTITY CODE
MARC country code xo
ISO country code SK
072 #7 - SUBJECT CATEGORY CODE
Subject category code 929
Subject category code subdivision Biografie
Source konspekt
080 ## - UNIVERSAL DECIMAL CLASSIFICATION NUMBER
Universal Decimal Classification number 929.731
Edition identifier 2011
080 ## - UNIVERSAL DECIMAL CLASSIFICATION NUMBER
Universal Decimal Classification number 929(092)
Edition identifier 2011
080 ## - UNIVERSAL DECIMAL CLASSIFICATION NUMBER
Universal Decimal Classification number (0:82-96)
Edition identifier 2011
100 1# - MAIN ENTRY--PERSONAL NAME
Personal name Grössing, Sigrid-Maria,
Dates associated with a name 1939-
Relationship aut
240 10 - UNIFORM TITLE
Uniform title Shatten über Habsburg
Language of a work Slovensky
245 10 - TITLE STATEMENT
Title Tiene trónu habsburského
Statement of responsibility, etc. Sigrid-Maria Grössingová ; [z nemeckého originálu preložila Elena Linzbothová]
260 ## - PUBLICATION, DISTRIBUTION, ETC.
Place of publication, distribution, etc. Bratislava
Name of publisher, distributor, etc. Ikar
Date of publication, distribution, etc. 1996
300 ## - PHYSICAL DESCRIPTION
Extent 199 s.
Dimensions 21 cm
500 ## - GENERAL NOTE
General note Údaj o preklade prevzatý z rubu titulnej strany
504 ## - BIBLIOGRAPHY, ETC. NOTE
Bibliography, etc. note Menný register
600 37 - SUBJECT ADDED ENTRY--PERSONAL NAME
Personal name Habsburg (rod)
Source of heading or term SNKMA
650 07 - SUBJECT ADDED ENTRY--TOPICAL TERM
Topical term or geographic name entry element panovnícke rody
Source of heading or term SNKPH
650 07 - SUBJECT ADDED ENTRY--TOPICAL TERM
Topical term or geographic name entry element Kings and rulers
Source of heading or term SNKPHeng
655 #7 - INDEX TERM--GENRE/FORM
Genre/form data or focus term biografie
Source of term SNKPH
655 #7 - INDEX TERM--GENRE/FORM
Genre/form data or focus term literatúra faktu
Source of term SNKPH
655 #7 - INDEX TERM--GENRE/FORM
Genre/form data or focus term Biography
Source of term SNKPHeng
655 #7 - INDEX TERM--GENRE/FORM
Genre/form data or focus term Non fiction
Source of term SNKPHeng
700 1# - ADDED ENTRY--PERSONAL NAME
Personal name Linzbothová, Elena,
Dates associated with a name 1939-
Relationship trl
911 ## - EQUIVALENCE OR CROSS-REFERENCE-CONFERENCE OR MEETING NAME [LOCAL, CANADA]
Meeting name or jurisdiction name as entry element KN 1997/03
Number [OBSOLETE] 00743
942 ## - ADDED ENTRY ELEMENTS (KOHA)
Source of classification or shelving scheme Dewey Decimal Classification
Koha item type Krásna literatúra pre dospelých
Suppress in OPAC No
Holdings
Stav vyradenia Strata Poškodenie Spôsob nadobudnutia Domovská knižnica Aktuálna knižnica Dátum nadobudnutia Total checkouts Čiarový kód exemplára Date last seen Typ exemplára
      Dar Obecná knižnica Horná Štubňa Obecná knižnica Horná Štubňa 28.03.2026   9788071183006 28.03.2026 Krásna literatúra pre dospelých
Projekt je podporený Slovenskou asociáciou knižníc
Prevádzkuje Turčianska knižnica Martin 2026